000 00387nam a2200145Ia 4500
005 20251222143256.0
008 251222s9999||||xx |||||||||||||| ||spa||
020 _a9788423341009
082 _a839.738/L25
100 _aLarsson, Stieg
245 0 _aLa Chica que Soñaba con una Cerilla y un Bidón de Gasolina
250 _a1ra.ed.
264 _bEdiciones Destino, S.A.
942 _cLIB
999 _c15136
_d15136